[Event "SLO-chT 31st"]
[Site "Ljubljana"]
[Date "2021.09.26"]
[Round "9.3"]
[White "Zidar, Jernej"]
[Black "Zupan, Gorazd"]
[Result "1-0"]
[WhiteElo "1684"]
[BlackElo "1808"]
[PlyCount "85"]
[EventDate "2021.09.10"]
[EventType "team-tourn"]
[EventRounds "9"]
[EventCountry "SLO"]
[SourceTitle "CBM 204 Extra"]
[Source "ChessBase"]
[SourceDate "2021.11.30"]
[SourceVersion "1"]
[SourceVersionDate "2021.11.30"]
[SourceQuality "1"]
[WhiteTeam "Komenda"]
[BlackTeam "Kranj Stari Mayr"]
[WhiteTeamCountry "SLO"]
[BlackTeamCountry "SLO"]

1. d4 d5 2. Nf3 Nf6 3. g3 e6 4. Bg2 Be7 5. 0-0 0-0 6. c4 dxc4 7. Qc2 Nbd7 8. Qxc4 Rb8 9. Qc2 b6 10. Nc3 a6 11. e4 Bb7 12. Rd1 Bb4 13. e5 Nd5 14. Nxd5 Bxd5 15. Ng5 g6 16. Bxd5 exd5 17. e6 fxe6 18. Nxe6 Qf6 19. Nxf8 Rxf8 20. Be3 Bd6 21. Qa4 Nb8 22. Rac1 h5 23. Qc2 h4 24. Qe2 Qf5 25. Re1 Nd7 26. Qc2 Qf6 27. Qc6 Qf5 28. Qc2 Qf6 29. Qd2 Qf5 30. Bh6 Rf7 31. Re8+ Kh7 32. Bf4 Nf6 33. Ree1 Ne4 34. Qe3 hxg3 35. Bxg3 Qg4 36. Qd3 Nxf2 37. Qe2 Rf3 38. Rxc7+ Kh6 39. Rc3 Bxg3 40. Qxf3 Nh3+ 41. Kf1 Qxf3+ 42. Rxf3 Bxe1 43. Rxh3+ 1-0

[Event "Bled Planinc Memorial 1st"]
[Site "Bled"]
[Date "2018.11.24"]
[Round "9"]
[White "Unuk, Laura"]
[Black "Zupan, Gorazd"]
[Result "1-0"]
[WhiteElo "2248"]
[BlackElo "1641"]
[PlyCount "87"]
[EventDate "2018.11.24"]
[EventType "swiss (blitz)"]
[EventRounds "9"]
[EventCountry "SLO"]
[SourceTitle "CBM 187 Extra"]
[Source "ChessBase"]
[SourceDate "2018.11.04"]
[SourceVersion "1"]
[SourceVersionDate "2018.11.04"]
[SourceQuality "1"]

1. d4 d5 2. c4 e6 3. Nf3 Nf6 4. g3 Bb4+ 5. Bd2 Be7 6. Bg2 0-0 7. 0-0 Nbd7 8. Qc2 c6 9. Bf4 b6 10. cxd5 cxd5 11. Ne5 Nxe5 12. dxe5 Nd7 13. h4 Ba6 14. Rd1 Rc8 15. Nc3 Nc5 16. Rac1 Qe8 17. b4 Nd7 18. Qa4 Nb8 19. Qb3 Bc4 20. Qb1 Nc6 21. b5 Na5 22. e4 dxe4 23. Bxe4 g6 24. Bh6 Ba3 25. Rc2 Bc5 26. Bg2 Qe7 27. Bxf8 Qxf8 28. Ne4 Be7 29. Qc1 Rd8 30. Rxd8 Qxd8 31. Rxc4 Nxc4 32. Qxc4 Kg7 33. Qc6 h5 34. Nd6 Bf8 35. Ne8+ Kg8 36. Nf6+ Kg7 37. Qd7 Qb8 38. Ne8+ Kg8 39. Nd6 Bxd6 40. exd6 Kg7 41. Qc7 Qe8 42. d7 Qe7 43. d8Q Qa3 44. Qe5+ 1-0

[Event "Bled op"]
[Site "Bled"]
[Date "2017.03.10"]
[Round "1"]
[White "Zupan, Gorazd"]
[Black "Debevec, Blaz"]
[Result "0-1"]
[WhiteElo "1544"]
[BlackElo "2205"]
[PlyCount "44"]
[EventDate "2017.03.10"]
[EventType "swiss"]
[EventRounds "5"]
[EventCountry "SLO"]
[SourceTitle "EXT 2019"]
[Source "ChessBase"]
[SourceDate "2018.10.10"]
[SourceVersion "1"]
[SourceVersionDate "2018.10.10"]
[SourceQuality "1"]

1. e4 c5 2. Nf3 g6 3. d4 cxd4 4. Nxd4 Bg7 5. Nc3 Nc6 6. Be3 Nf6 7. f3 0-0 8. Qd2 d5 9. exd5 Nxd5 10. Nxd5 Qxd5 11. c4 Qe5 12. 0-0-0 Qf6 13. Nb3 Bf5 14. Bg5 Nb4 15. Re1 Nxa2+ 16. Kd1 Qa6 17. Nc5 Qb6 18. Bxe7 Rfe8 19. b4 Nc3+ 20. Kc1 Qxb4 21. Bd3 Qa3+ 22. Qb2 Na2+ 0-1